LEADER 00857cam0 22002653 450 001 SOB007956 005 20201022074717.0 100 $a20040211d1966 |||||ita|0103 ba 101 $aita 102 $aIT 200 1 $aVan Gogh$fLara Vinca Masini 210 $aFirenze$cSadea/Sansoni$d1966 215 $a39 p.$c87 ill.$d18 cm 225 2 $adiamanti dell'arte$v15 410 1$1001LAEC00017001$12001 $aI *diamanti dell'arte$v15 700 1$aVinca_Masini$b, Lara$3AF00007395$4070$0216951 801 0$aIT$bUNISOB$c20201022$gRICA 850 $aUNISOB 852 $aUNISOB$j700|Coll|10|K$m14105 912 $aSOB007956 940 $aM 102 Monografia moderna SBN 941 $aM 957 $a700|Coll|10|K$b000016$gSI$d14105$rACQUISTO$1catenacci$2UNISOB$3UNISOB$420180521114551.0$520180521114603.0$6catenacci 996 $aVan Gogh$91677345 997 $aUNISOB